Erra-cotta warriors in armour and horses at the tomb of Qin Shi Huang / (Record no. 10158)
[ view plain ]
| 000 -LEADER | |
|---|---|
| fixed length control field | 00742nam a22002057a 4500 |
| 003 - CONTROL NUMBER IDENTIFIER | |
| control field | OSt |
| 005 - DATE AND TIME OF LATEST TRANSACTION | |
| control field | 20140310182159.0 |
| 008 - FIXED-LENGTH DATA ELEMENTS--GENERAL INFORMATION | |
| fixed length control field | 130902t xxu||||| |||| 00| 0 eng d |
| 050 ## - LIBRARY OF CONGRESS CALL NUMBER | |
| Classification number | DS 701 |
| Item number | .Z63 1986 |
| 082 ## - DEWEY DECIMAL CLASSIFICATION NUMBER | |
| Classification number | HS 732.7 |
| Item number | 143 Z6 1986 |
| 100 ## - MAIN ENTRY--PERSONAL NAME | |
| Personal name | Cultural Relics Pub |
| 9 (RLIN) | 16113 |
| 245 ## - TITLE STATEMENT | |
| Title | Erra-cotta warriors in armour and horses at the tomb of Qin Shi Huang / |
| Statement of responsibility, etc | Yuan Zhongyi |
| 260 ## - PUBLICATION, DISTRIBUTION, ETC. (IMPRINT) | |
| Place of publication, distribution, etc | Beijing, China : |
| Name of publisher, distributor, etc | Cultural Relics Pub., |
| Date of publication, distribution, etc | c1986. |
| 300 ## - PHYSICAL DESCRIPTION | |
| Other physical details | 42 p. : |
| Extent | ill. ; |
| Dimensions | 25 cm. |
| 650 ## - SUBJECT ADDED ENTRY--TOPICAL TERM | |
| Topical term or geographic name as entry element | Terra - cotta sculpture, Chinese |
| General subdivision | Qin Han dynasties, 221 B. C. - 220 A. D. |
| 9 (RLIN) | 16564 |
| 650 ## - SUBJECT ADDED ENTRY--TOPICAL TERM | |
| Topical term or geographic name as entry element | Qin shi huang, Emperor of China 259 - 210 B. C. |
| General subdivision | Tomb |
| 9 (RLIN) | 16565 |
| 650 ## - SUBJECT ADDED ENTRY--TOPICAL TERM | |
| Topical term or geographic name as entry element | China |
| General subdivision | Antiquities |
| 9 (RLIN) | 16566 |
| 942 ## - ADDED ENTRY ELEMENTS (KOHA) | |
| Source of classification or shelving scheme | Library of Congress Classification |
| Koha item type | |
| Withdrawn status | Lost status | Source of classification or shelving scheme | Damaged status | Home library | Current library | Shelving location | Date acquired | Total Checkouts | Full call number | Barcode | Date last seen | Copy number | Price effective from | Koha item type |
|---|---|---|---|---|---|---|---|---|---|---|---|---|---|---|
| Library of Congress Classification | Luxembourg Library | Luxembourg Library | High School Section | 09/02/2013 | DS 701 .Z63 1986 | 1650 | 01/06/2016 | 1 | 09/02/2013 | Books |